000 00344nam a2200145Ia 4500
008 230917s9999||||xx |||||||||||||| ||und||
040 _e5009939
_aMAIN
041 _aEnglish
082 _a58707
100 _aSeligman, G B
245 0 _aModular lie algebras
260 _aBerlin
_bSpringer-Verlag
_c1967
300 _aix, 165p p.
942 _cBK
999 _c10085
_d10085